| 000 | 00911nam a2200241 4500 | ||
|---|---|---|---|
| 001 | 6037 | ||
| 010 | _a9789899760530 | ||
| 021 | _b358091/13 | ||
| 090 | _a6037 | ||
| 100 | _a20251001d2013 bc y0pory5003 ba | ||
| 200 | 1 |
_aObax _fAndré Neves _gadap. Pedro Seromenho |
|
| 210 | 9 |
_aBraga _cPlaneta de Letras _dD.L. 2013 |
|
| 215 |
_a[30] p. _cmuito il. |
||
| 330 | _aQuando o sol desperta, OBAX percorre a savana africana com a sua imaginação. ela conhece girafas e outros animais selvagens, mas o seu passatempo preferido é contar histórias! Algumas delas são tão incríveis que mais parecem um sonho! | ||
| 606 |
_914 _aLiteratura infantil |
||
| 606 |
_913 _aLiteratura Estrangeira |
||
| 675 |
_a82-93 _vBN _zpor |
||
| 675 |
_a821.134.3 _vBN _zpor |
||
| 700 |
_aNeves _bAndré _f1973- _95728 |
||
| 702 |
_aSeromenho _bPedro _f1975- _94068 |
||
| 801 | 0 |
_aPT _bBEN2VN _gRPC |
|
| 830 |
_cTânia Croca _d01/10/2025 |
||
| 990 | _cLIVROS | ||